000 00333nam a22001457a 4500
008 230718b ||||| |||| 00| 0 eng d
020 _a9780321978271
041 _aeng
080 _2SECOND EDITION
_a311
082 _a311GOU
100 _a25.2
101 _aSTSC
245 _aINTRODUCTORY STATISTICS
_cGOULD R
942 _2udc
_cBK
999 _c60155
_d60155